Normal view
MARC view
- التدريب الرياضي-الحركة
Entry Topical Term
001 - CONTROL NUMBER
- control field: 66790
003 - CONTROL NUMBER IDENTIFIER
- control field: JO-AjAnu
005 - DATE AND TIME OF LATEST TRANSACTION
- control field: 20251012115742.0
008 - FIXED-LENGTH DATA ELEMENTS
- fixed length control field: 251012|| aca||babn | a|a d
040 ## - CATALOGING SOURCE
- Original cataloging agency: JO-AjAnu
150 ## - HEADING--TOPICAL TERM
- Topical term or geographic name entry element: التدريب الرياضي-الحركة